00916nam a22002537a 4500010001300000020002500013035001300038037001800051040001200069082001300081245009800094260003800192270005400230300002600284650003200310650004400342650004800386700001800434700001800452700002200470942002200492999001900514952012900533 aA-904875 a8170002222c900(set) aA-904875 bCen Lib / Ret aDPLbEn a020bCHO aLibrary science and its facets /cedited by H. R. Chopra, U. C. Sharma [and] M. K. Srivastava aDelhibEss Ess Publicationsc1998 a4837/24 Ansari Road, DaryaganjbNew Delhie110002 a(v 1. 303p)c24cm(Hb) a Library science -- India.  aLibrary science -- India -- Philosophy. aLibrarians -- Professional ethics -- India. aChopra, H. R. aShrama, U. C. aSrivastava, M. K. 2ddccENh020mCHO c136902d136902 00103v 14070aLbLd2016-03-11eCen Lib/Retg900.00l0o020 CHOpA-904875r2016-03-11 00:00:00t1v900.00w2016-03-11yEN